LIBRARY & INFORMATION CENTRE, KCAET, TAVANUR

ONLINE PUBLIC ACCESS CATALOGUE (OPAC)

Physics and modelling of wind erosion (Record no. 13880)

MARC details
000 -LEADER
fixed length control field 00267nam a22001217a 4500
020 ## - INTERNATIONAL STANDARD BOOK NUMBER
ISBN 9781402088940
082 ## - DEWEY DECIMAL CLASSIFICATION NUMBER
Classification number 631.45 SHA/PH
100 ## - MAIN ENTRY--AUTHOR NAME
Personal name Shao/Yaping
245 ## - TITLE STATEMENT
Title Physics and modelling of wind erosion
260 ## - PUBLICATION, DISTRIBUTION, ETC. (IMPRINT)
Name of publisher Springer
Year of publication 2008
300 ## - PHYSICAL DESCRIPTION
Number of Pages 452
942 ## - ADDED ENTRY ELEMENTS (KOHA)
Koha item type Books
Holdings
Withdrawn status Lost status Damaged status Collection code Home library Current library Shelving location Date acquired Source of acquisition Cost, normal purchase price Full call number Accession Number Koha item type
      Reference KAUAET KAUAET Reference 31/03/2012 Dreamtech ,Thiruvananthapuram 11692.56 631.45 SHA/PH 23150 Books
free website counter